[Event "Leipzig VfB op 21st"]
[Site "Leipzig"]
[Date "2014.03.06"]
[Round "4"]
[White "Peschke, Uwe"]
[Black "Huebner, Stefan"]
[Result "1-0"]
[WhiteElo "2016"]
[BlackElo "1777"]
[PlyCount "71"]
[EventDate "2014.03.04"]
[EventType "tourn"]
[EventRounds "9"]
[EventCountry "GER"]
[SourceTitle "CBM 159 Extra"]
[Source "ChessBase"]
[SourceDate "2014.04.24"]
[SourceVersion "1"]
[SourceVersionDate "2014.04.24"]
[SourceQuality "1"]

1. Nf3 d5 2. g3 Nf6 3. Bg2 e6 4. 0-0 Bd6 5. d3 0-0 6. Nbd2 c6 7. e4 Qc7 8. Re1 Nfd7 9. Qe2 f6 10. c4 dxe4 11. Nxe4 Ne5 12. Nd4 Re8 13. f4 Nf7 14. Qg4 Be7 15. Nf5 g6 16. Nxe7+ Qxe7 17. Qe2 f5 18. Nc3 Nd7 19. Qf2 Nc5 20. Qc2 Qd6 21. Bf1 Rd8 22. d4 Na6 23. Be3 Nc7 24. a3 a5 25. Rad1 Qe7 26. Qf2 Nh6 27. h3 Kf7 28. Bg2 Ng8 29. d5 cxd5 30. cxd5 Ra6 31. Bc5 Qe8 32. Bb6 Rd7 33. Bf1 Ra8 34. Bb5 Nxb5 35. dxe6+ Kf8 36. exd7 1-0

[Event "Leipzig VfB op 15th"]
[Site "Leipzig"]
[Date "2008.02.28"]
[Round "3"]
[White "Nerlich, Vincent"]
[Black "Huebner, Stefan"]
[Result "1-0"]
[WhiteElo "1933"]
[BlackElo "1612"]
[PlyCount "45"]
[EventDate "2008.02.26"]
[EventType "swiss"]
[EventRounds "9"]
[EventCountry "GER"]
[SourceTitle "CBM 123 Extra"]
[Source "ChessBase"]
[SourceDate "2008.05.06"]
[SourceVersion "1"]
[SourceVersionDate "2008.05.06"]
[SourceQuality "1"]

1. e4 e6 2. d4 d5 3. exd5 exd5 4. Bd3 Nf6 5. Bg5 Bd6 6. Nf3 Bg4 7. Nbd2 0-0 8. 0-0 Re8 9. c3 Nbd7 10. Qc2 h6 11. Bh4 c5 12. Bb5 Qb6 13. Qa4 Qc7 14. Bxf6 Nxf6 15. Bxe8 Rxe8 16. Rfe1 Rxe1+ 17. Rxe1 a6 18. h3 Bf5 19. dxc5 Bxc5 20. Qb3 Ne4 21. Nxe4 dxe4 22. Nd4 Qf4 23. Re3 1-0

[Event "Leipzig VfB op 14th"]
[Site "Leipzig"]
[Date "2007.03.24"]
[Round "8"]
[White "Werther, Jens"]
[Black "Huebner, Stefan"]
[Result "0-1"]
[WhiteElo "1392"]
[BlackElo "1515"]
[PlyCount "38"]
[EventDate "2007.03.20"]
[EventType "swiss"]
[EventRounds "9"]
[EventCountry "GER"]
[SourceTitle "EXT 2008"]
[Source "ChessBase"]
[SourceDate "2007.11.25"]
[SourceVersion "1"]
[SourceVersionDate "2007.11.25"]
[SourceQuality "1"]

1. d4 Nf6 2. c4 e6 3. Nc3 d5 4. Bg5 Be7 5. Nf3 h6 6. Bh4 c6 7. e3 0-0 8. Bd3 Bd6 9. Ne5 Nbd7 10. Bg3 Qc7 11. f4 dxc4 12. Bxc4 Nb6 13. Bb3 Nbd5 14. Qd3 Nh5 15. Bh4 g5 16. Bc2 f5 17. g4 Nhxf4 18. Qf1 Nxe3 19. Qf2 Bxe5 0-1